Normal view
MARC view
- Delaunois, Angèle,
Entry Nombre Personal
001 - NUMERO DE CONTROL
- campo de control: 35938
003 - IDENTIFICADOR DE NUMERO DE CONTROL
- campo de control: UPN
005 - FECHA Y HORA DE LA ÜLTIMA TRANSACCIÓN
- campo de control: 20210219194509.0
008 - DATOS DE LONGITUD FIJA
- campo de control de longitud fija: nabaccnnaabn|||||||||| b |nc|||||d
035 ## - NUMERO DE CONTROL
- Número de control: UPN11000008045
040 ## - FUENTE DE CATALOGACIÓN
- Lenguaje de catalogación: SPA
- Agencia de transcripción: UPN
100 1# - ENCABEZAMIENTO - NOMBRE PERSONAL
- Nombre personal: Delaunois, Angèle,
- Fechas asociadas con el nombre: 1946-
670 ## - FUENTE EN LA QUE SE LOCALIZARON DATOS
- Cita de la fuente: T
- Información localizada: Wikipedia
680 ## - NOTA PUBLICA DE ACCESO PÚBLICO
- Frase explicativa de la referencia: Es una novelista y escritora para jóvenes,-nació en Granville en Francia el 17 de noviembre 1946 . Llegó a Quebec en 1968 y obtuvo la ciudadanía canadiense en 1976 . Obtuvo una licenciatura en bellas artes de la Universidad de Quebec en Trois-Rivières y luego trabajó durante diez años como profesor
902 ## - CATALOGADOR
- Catalogador: MCM/071014
